000 00771nam a2200229 a 4500
005 20240925064116.0
008 991125s1970 bar 000 0 spa u
020 _a842540908X
035 _aUPN01000010940
049 _aCG
050 4 _aLB1051
_bK3.28
100 1 _aKampmann, Theoderich
245 1 0 _aConocer para educar :
_bfundamentación psicológica de la pedagogía /
_cTheoderich Kampmann ; tr. Ismael Antich.
260 _aBarcelona (Esp.) :
_bHerder,
_c1970.
300 _a258 p.
440 0 _aBiblioteca Herder.
_v122-123
_pSección pedagogìa ;
505 8 _aContenido:
_gv.1
_tInfancia --
_gv.2
_tEdad juvenil
650 4 _aPsicología del adolescente
_91013
650 4 _aNiño, Estudio del
_9221
650 4 _aPsicología educativa
_95197
905 _aLibro
999 _c10940
_d10940